| 000 | 00600nam a2200169Ia 4500 | ||
|---|---|---|---|
| 005 | 20250423100135.0 | ||
| 008 | 250422s9999 xx 000 0 und d | ||
| 020 | _a9781607144403 | ||
| 050 | _aR 838.5 .M337/ | ||
| 245 | 0 | _aMCAT organic chemistry review note | |
| 260 | _aNew York | ||
| 260 | _bPlanet Friendly Publishing | ||
| 260 | _c2009 | ||
| 300 | _a355 p | ||
| 650 | _aMedical College Admission Test--Study guides. Medical colleges--United States--Entrance examinations--Study guides. Medicine--Examinations, questions, etc. Chemistry, Organic--Examinations--Study guides. | ||
| 942 | _cBK | ||
| 999 |
_c32404 _d32404 |
||